Cleopatra and Rome /

محفوظ في:

المؤلف الرئيسي: Kleiner, Diana E. E. (مؤلف)

التنسيق: كتاب

اللغة: English

منشور في: Cambridge, Mass. : Belknap Press of Harvard University Press, 2005.

الموضوعات:

الوسوم: إضافة وسم

لا توجد وسوم, كن أول من يضع وسما على هذه التسجيلة!

رقم الطلب: DT92.7 .K58 2005

LEADER 01355namaa2200253 4500
001 13948
003 OSt
005 20250505054050.0
008 130303s2005 maua b 001 0beng d
020 |a 0674019059 
040 |c ARCE Library 
043 |a f-ua--- 
050 0 4 |a DT92.7 .K58 2005 
100 1 |a Kleiner, Diana E. E.,  |e author 
245 1 0 |a Cleopatra and Rome /  |c Diana E. E. Kleiner. 
264 1 |a Cambridge, Mass. :   |b Belknap Press of Harvard University Press,   |c 2005. 
300 |a 340 pages :  |b illustrations (some color) ;  |c 22 cm. 
500 |a  Includes bibliographical references (p. [289]-313) and index. 
505 0 |a Prologue : From carpet to asp -- Cleopatra superstar -- The major players --The supporting cast -- The professionals -- Cleopatra Architecta -- Alexandria on the Tiber. --Living the inimitable life -- Ersatz Alexanders in Egypt and Rome --"Queen of kings": Cleopatra Thea Neotera. --Even death won't part us now. --Egyptomania! -- Divine alter egos -- A Roman pharaoh and a Roman emperor -- Rome on the Tiber -- Death, dynasty, and a Roman Dendera --Competing with Cleopatra on coins -- Princesses and power hair --Regina Romana --From asp to eternity. 
600 0 0 |a Cleopatra,  |c Queen of Egypt,  |d -30 B.C.  |x Influence. 
650 0 |a Art, Roman  |x Egyptian influences. 
901 |a reviewed 
942 |c BK  |2 lcc 
999 |c 13454  |d 13454